Metódy vedeckej práce v disciplínach ekonomiky, manažmentu a financií podniku

Význam poznania a praktického ovládania metód pri písaní záverečných prác v ekonomických odboroch. Všeobecné metódy vedeckej práce. Metóda dotazníkového prieskumu. Kvantitatívne metódy. Komparatívne metódy. Behaviorálne metódy. Hypotéza v dizertačnej práci. Používanie metód vedeckej práce.

Saved in:
Bibliographic Details
Main Author: Grznár, Miroslav
Format: Book Chapter
Language:Slovak
Subjects:
Tags: Add Tag
No Tags, Be the first to tag this record!

MARC

LEADER 00000nla a2200000 4500
001 0162715
005 20240502072822.8
041 0 |a slo 
044 |a SK 
245 1 0 |a Metódy vedeckej práce v disciplínach ekonomiky, manažmentu a financií podniku  |c Miroslav Grznár 
520 |a Význam poznania a praktického ovládania metód pri písaní záverečných prác v ekonomických odboroch. Všeobecné metódy vedeckej práce. Metóda dotazníkového prieskumu. Kvantitatívne metódy. Komparatívne metódy. Behaviorálne metódy. Hypotéza v dizertačnej práci. Používanie metód vedeckej práce. 
610 2 0 |a práca vedecká 
610 2 0 |a práce kvalifikačné 
610 2 0 |a ekonómia 
610 2 0 |a metodológia 
100 1 |a Grznár, Miroslav